Pulsar astronomy / (Record no. 171748)
[ view plain ]
| 000 -LEADER | |
|---|---|
| fixed length control field | 01040cam a22002778i 4500 |
| 001 - CONTROL NUMBER | |
| control field | 22379367 |
| 003 - CONTROL NUMBER IDENTIFIER | |
| control field | OSt |
| 005 - DATE AND TIME OF LATEST TRANSACTION | |
| control field | 20250611155816.0 |
| 008 - FIXED-LENGTH DATA ELEMENTS--GENERAL INFORMATION | |
| fixed length control field | 220111t20222022enk b 001 0 eng |
| 020 ## - INTERNATIONAL STANDARD BOOK NUMBER | |
| International Standard Book Number | 9781108495226 |
| Qualifying information | (hardback) |
| 040 ## - CATALOGING SOURCE | |
| Original cataloging agency | PSt/DLC |
| Language of cataloging | eng |
| Description conventions | rda |
| Transcribing agency | NUST |
| Modifying agency | NUST |
| 050 00 - LIBRARY OF CONGRESS CALL NUMBER | |
| Classification number | QB843 LYN |
| 100 1# - MAIN ENTRY--PERSONAL NAME | |
| Personal name | Lyne, A. G., |
| Relator term | author. |
| 245 10 - TITLE STATEMENT | |
| Title | Pulsar astronomy / |
| Statement of responsibility, etc. | Andrew Lyne, University of Manchester, Francis Graham-Smith, University of Manchester, Benjamin Stappers, University of Manchester. |
| 250 ## - EDITION STATEMENT | |
| Edition statement | Fifth edition. |
| 260 ## - PUBLICATION, DISTRIBUTION, ETC. | |
| Place of publication, distribution, etc. | United Kingdom, |
| Name of publisher, distributor, etc. | Cambridge University Press, |
| Date of publication, distribution, etc. | 2011. |
| 300 ## - PHYSICAL DESCRIPTION | |
| Extent | xi,403 pages : |
| Other physical details | illustrations; |
| Dimensions | 26 cm |
| 336 ## - CONTENT TYPE | |
| Content type term | text |
| Content type code | txt |
| Source | rdacontent |
| 337 ## - MEDIA TYPE | |
| Media type term | unmediated |
| Media type code | n |
| Source | rdamedia |
| 338 ## - CARRIER TYPE | |
| Carrier type term | volume |
| Carrier type code | nc |
| Source | rdacarrier |
| 504 ## - BIBLIOGRAPHY, ETC. NOTE | |
| Bibliography, etc. note | Includes bibliographical references and index. |
| 650 #0 - SUBJECT ADDED ENTRY--TOPICAL TERM | |
| Topical term or geographic name entry element | Pulsars. |
| 700 1# - ADDED ENTRY--PERSONAL NAME | |
| Personal name | Graham-Smith, Francis, |
| Dates associated with a name | 1923- |
| Relator term | author. |
| 700 1# - ADDED ENTRY--PERSONAL NAME | |
| Personal name | Stappers, Benjamin, |
| Dates associated with a name | 1972- |
| Relator term | author. |
| 942 ## - ADDED ENTRY ELEMENTS (KOHA) | |
| Source of classification or shelving scheme | Library of Congress Classification |
| Suppress in OPAC | No |
| Koha item type | Ordinary Loan Books |
| Edition | Fifth Edition |
| Classification part | QB843.LYN |
| Call number prefix | QB |
| Call number suffix | LYN |
| Withdrawn status | Lost status | Source of classification or shelving scheme | Damaged status | Not for loan | Collection | Home library | Current library | Shelving location | Date acquired | Source of acquisition | Cost, normal purchase price | Total Checkouts | Full call number | Barcode | Date last seen | Accession number | Cost, replacement price | Price effective from | Koha item type | Public note |
|---|---|---|---|---|---|---|---|---|---|---|---|---|---|---|---|---|---|---|---|---|
| LCC | NFIC | MAIN | MAIN | GEN | 05/09/2025 | Book Aid International | 146.00 | QB843.LYN | 92004054472 | 05/09/2025 | 61736 | 146.00 | 05/09/2025 | BOOKS | Donation |